000 00275nam a22001217a 4500
008 181023b xxu||||| |||| 00| 0 eng d
041 _aeng
080 _23 ED
_a311
100 _a55
101 _aSTA
245 _aFundamentals Of Statistics
_cSullivan.M
942 _2udc
_cBK
999 _c50755
_d50755